| 000 | 01188cam a2200325 i 4500 | ||
|---|---|---|---|
| 001 | 200442429 | ||
| 003 | TR-AnTOB | ||
| 005 | 20240806171247.0 | ||
| 007 | ta | ||
| 008 | 970414s1994 turdf 000 0 eng | ||
| 035 | _a(TR-AnTOB)200442429 | ||
| 040 |
_aT9K _beng _erda _cT9K _dTR-AnTOB |
||
| 041 | 0 | _aeng | |
| 050 | 0 | 0 |
_aHG1206.5 _b.K83 1994 |
| 090 |
_aTOBBK HG1206.5 _b.K83 1994 |
||
| 100 | 1 | 0 |
_aKüçüker, Celal Naci _eauthor _9131745 |
| 245 | 1 | 0 |
_aSeigniorage in Turkey : _bconcept and measurement / _cCelal Küçüker, Hasan Kazdağlı, Cenap Erdemir. |
| 264 | 1 |
_a[Ankara] : _bRepuclic of Turkey Prime Ministry the Undersecretariat of Treasury General Directorate of Economic Research, _c1994. |
|
| 300 |
_a267 pages : _bgraphics, tables ; _c30 cm |
||
| 336 |
_atext _btxt _2rdacontent |
||
| 337 |
_aunmediated _bn _2rdamedia |
||
| 338 |
_avolume _bnc _2rdacarrier |
||
| 650 | 7 |
_aEnflasyon (Finans) _zTürkiye _2etuturkob _919290 |
|
| 650 | 7 |
_aPara politikası _zTürkiye _2etuturkob _972803 |
|
| 700 | 1 |
_aKazdağlı, Hasan _eauthor _9131746 |
|
| 700 | 1 |
_aErdemir, Cenap _eauthor _923505 |
|
| 942 |
_2z _cBK |
||
| 999 |
_c200442429 _d60641 |
||